| 000 | 00678nam a2200229 a 4500 | ||
|---|---|---|---|
| 001 | 17327 | ||
| 003 | CO-ViMGA | ||
| 008 | 141112s2004 ck r 000 u spa d | ||
| 020 | _a9589401708 | ||
| 040 |
_aCO-ViMGA _bspa _cCO-ViMGA |
||
| 082 | 0 | 4 | _a796.42 J171m |
| 100 | 1 |
_aJaramillo R., Clareth Antonio _924656 |
|
| 245 | 1 | 0 |
_aAtletismo , metodología para el aprendizaje : _bPruebas de pista y marcha |
| 260 |
_aArmenia (Colombia), _cKinesis, _c2003 |
||
| 300 | _a93.p. | ||
| 490 | _aDeporte formativo | ||
| 590 | _aForma de adquisición : Premio - Mincultura | ||
| 650 | 1 | 4 | _aATLETISMO |
| 650 | 1 | 4 |
_aCARRERAS _924657 |
| 650 | 1 | 4 | _aENTRENAMIENTO ATLETICO |
| 942 |
_2ddc _cBK |
||
| 999 |
_c26890 _d26890 |
||